Flag Quiz - The Balkans - Statistics

General Stats
  • This quiz has been taken 29 times
  • The average score is 12 of 13
Answer Stats
Picture Answer % Correct
Albania
95%
Romania
95%
Serbia
95%
Turkey
95%
Bosnia & Herzegovina
91%
Bulgaria
91%
Croatia
91%
Greece
91%
Kosovo
91%
North Macedonia
91%
Slovenia
91%
Moldova
86%
Montenegro
82%
No matching quizzes found
Score Distribution
Percent of People with Each Score
Percentile by Number Answered
Your Score History
You have not taken this quiz